000 00536nam a2200181Ia 4500
003 GCL
008 140319s9999 xx 000 0 ara d
040 _aGCL /
_cGCL
082 0 4 _a808.4
_bم د
100 1 _aمحمد مفتاح
245 1 0 _aدينامية النص ( تنظير وانجاز ) /
_cمحمد مفتاح
260 _a[S.N] :
_bالمركز الثقافى العربى ،
_c1990
300 _a224 ص
490 _a
650 0 4 _aالاسلوب , علم
650 0 4 _aالبلاغة العربية
942 _2ddc
_cBK
999 _c47375
_d47375